[Event "Berlin Lichtenberger op 18th"]
[Site "Berlin"]
[Date "2019.08.23"]
[Round "7"]
[White "Heinrich, Bert"]
[Black "Beyer, Nils"]
[Result "0-1"]
[WhiteElo "1575"]
[BlackElo "1832"]
[PlyCount "78"]
[EventDate "2019.08.17"]
[EventType "swiss"]
[EventRounds "9"]
[EventCountry "GER"]
[SourceTitle "EXT 2020"]
[Source "ChessBase"]
[SourceDate "2019.10.17"]
[SourceVersion "1"]
[SourceVersionDate "2019.10.17"]
[SourceQuality "1"]

1. g4 d5 2. Bg2 Bxg4 3. c4 c6 4. Qb3 Qc7 5. Nc3 dxc4 6. Qxc4 Be6 7. Qa4 Nf6 8. d3 Nbd7 9. Bf4 Qb6 10. Qc2 g6 11. Be3 Qc7 12. Nh3 Bg7 13. b4 Nd5 14. d4 Nxb4 15. Qa4 Nd5 16. Nxd5 Bxd5 17. f3 Nb6 18. Qc2 Nc4 19. Bf4 Qa5+ 20. Kf2 Bxd4+ 21. Kg3 h5 22. Nf2 Be6 23. h4 Be5 24. Nd3 Ne3 25. Qc1 Bxf4+ 26. Nxf4 Nf5+ 27. Kf2 Qb6+ 28. Ke1 Qb4+ 29. Kf2 Rd8 30. Nd3 Qd4+ 31. Ke1 Qe3 32. Qc3 Nd4 33. Kf1 Qxe2+ 34. Kg1 Qe3+ 35. Kh2 0-0 36. Rhf1 Ne2 37. Qb2 Rxd3 38. Rae1 Qf4+ 39. Kh1 Qxh4+ 0-1